[Event "Oceania zt"]
[Site "Cammeray"]
[Date "2015.07.07"]
[Round "6"]
[White "Bennett, Hilton Petrie"]
[Black "Glissan, Paul"]
[Result "1-0"]
[WhiteElo "1956"]
[BlackElo "1793"]
[PlyCount "71"]
[EventDate "2015.07.04"]
[EventType "swiss"]
[EventRounds "9"]
[EventCountry "AUS"]
[SourceTitle "CBM 167 Extra"]
[Source "ChessBase"]
[SourceDate "2015.09.14"]
[SourceVersion "1"]
[SourceVersionDate "2015.09.14"]
[SourceQuality "1"]

1. e4 e5 2. d4 exd4 3. Qxd4 Nc6 4. Qe3 Nf6 5. Nc3 d6 6. Bd2 a6 7. 0-0-0 Be6 8. f4 Bg4 9. Nge2 Qe7 10. h3 Bxe2 11. Bxe2 0-0-0 12. Bf3 g6 13. Rhe1 Bh6 14. g4 Nd7 15. Nd5 Qh4 16. Rh1 Nde5 17. Be1 Nc4 18. Bxh4 Nxe3 19. Nxe3 Bxf4 20. Bf2 Ne5 21. Be2 f5 22. gxf5 gxf5 23. exf5 h5 24. Kb1 Rdf8 25. Nd5 Bg5 26. Bd4 Rxf5 27. Rhf1 Rxf1 28. Rxf1 c6 29. Nb6+ Kc7 30. Nc4 Re8 31. Bxe5 dxe5 32. Rf7+ Kb8 33. Bxh5 Rd8 34. Nxe5 Re8 35. Rxb7+ Kxb7 36. Bxe8 1-0

[Event "Oceania-ch Seniors"]
[Site "Christchurch"]
[Date "2013.04.26"]
[Round "4"]
[White "Gloistein, Bruce H"]
[Black "Glissan, Paul"]
[Result "0-1"]
[WhiteElo "1790"]
[BlackElo "1850"]
[PlyCount "60"]
[EventDate "2013.04.25"]
[EventType "swiss"]
[EventRounds "7"]
[EventCountry "NZL"]
[SourceTitle "EXT 2018"]
[Source "ChessBase"]
[SourceDate "2017.10.13"]
[SourceVersion "1"]
[SourceVersionDate "2017.10.13"]
[SourceQuality "1"]

1. e4 d6 2. d4 Nf6 3. Nd2 g6 4. Be2 Nc6 5. c3 e5 6. d5 Ne7 7. Ngf3 Bg7 8. 0-0 0-0 9. Bd3 Nh5 10. Bc2 Kh8 11. Nc4 Bg4 12. Ne3 Bd7 13. h3 Nf4 14. Ng4 f5 15. Ngh2 fxe4 16. Bxe4 Ng8 17. Qc2 Nf6 18. Bxf4 Nxe4 19. Be3 Nf6 20. g4 Nxd5 21. Rfe1 Nf4 22. Bxf4 Rxf4 23. Re4 Qf6 24. Qe2 Rxe4 25. Qxe4 Bc6 26. Qe3 Rf8 27. Ne1 Bh6 28. Qe2 Qh4 29. Qf1 Be3 30. Ng2 Qg3 0-1

[Event "Australian op"]
[Site "Cammeray"]
[Date "2013.01.04"]
[Round "3"]
[White "Glissan, Paul"]
[Black "Champion, Patrick"]
[Result "0-1"]
[WhiteElo "1860"]
[BlackElo "1987"]
[PlyCount "86"]
[EventDate "2013.01.02"]
[EventType "swiss"]
[EventRounds "11"]
[EventCountry "AUS"]
[SourceTitle "CBM 152 Extra"]
[Source "ChessBase"]
[SourceDate "2013.02.25"]
[SourceVersion "1"]
[SourceVersionDate "2013.02.25"]
[SourceQuality "1"]

1. e4 e5 2. Nf3 Nc6 3. Bb5 a6 4. Ba4 Nf6 5. d3 d6 6. c3 Be7 7. h3 0-0 8. 0-0 b5 9. Bc2 d5 10. Qe2 dxe4 11. dxe4 Be6 12. Be3 Bc4 13. Qd1 Bxf1 14. Qxf1 Nd7 15. Nbd2 Bc5 16. Bg5 Qe8 17. b4 Be7 18. Be3 Na7 19. Qe2 c5 20. a3 Qb8 21. Nh2 Qc7 22. Rc1 Nc6 23. Nb3 c4 24. Nd2 Rfc8 25. Ndf1 Nd8 26. Ng3 Ne6 27. Nf5 Ndf8 28. Qg4 Ng6 29. g3 a5 30. h4 Bf6 31. h5 Ngf8 32. f4 Kh8 33. Qf3 axb4 34. axb4 Ra3 35. Ng4 Nd7 36. Nxf6 Nxf6 37. fxe5 Qxe5 38. h6 g6 39. Ng7 Qxc3 40. Nxe6 Qxe3+ 41. Qxe3 Rxe3 42. Nc5 Rxg3+ 43. Kh2 Rc3 0-1

[Event "AUS-ch Major"]
[Site "Cammeray"]
[Date "2011.01.09"]
[Round "7"]
[White "Papantoniou, John"]
[Black "Glissan, Paul"]
[Result "1-0"]
[WhiteElo "2023"]
[BlackElo "1887"]
[PlyCount "51"]
[EventDate "2011.01.02"]
[EventType "swiss"]
[EventRounds "11"]
[EventCountry "AUS"]
[SourceTitle "CBM 140 Extra"]
[Source "ChessBase"]
[SourceDate "2011.03.01"]
[SourceVersion "1"]
[SourceVersionDate "2011.03.01"]
[SourceQuality "1"]

1. c4 Nf6 2. Nc3 g6 3. Nf3 d6 4. g3 Bg7 5. Bg2 Nc6 6. 0-0 e5 7. d3 0-0 8. Ne1 Be6 9. Nd5 Ne8 10. f4 Qd7 11. Nf3 Bh3 12. Bxh3 Qxh3 13. e4 Qd7 14. f5 Nd4 15. Nxd4 exd4 16. f6 c6 17. fxg7 Kxg7 18. Nf4 h5 19. Ng2 Nf6 20. Bh6+ Kxh6 21. Rxf6 Kg7 22. Qf3 Qe7 23. Rf1 c5 24. Qf4 Rad8 25. Nh4 Qe5 26. Rxf7+ 1-0

[Event "AUS-ch Major"]
[Site "Cammeray"]
[Date "2011.01.03"]
[Round "2"]
[White "Buciu, Aurel John"]
[Black "Glissan, Paul"]
[Result "0-1"]
[WhiteElo "1714"]
[BlackElo "1887"]
[PlyCount "98"]
[EventDate "2011.01.02"]
[EventType "swiss"]
[EventRounds "11"]
[EventCountry "AUS"]
[SourceTitle "CBM 140 Extra"]
[Source "ChessBase"]
[SourceDate "2011.03.01"]
[SourceVersion "1"]
[SourceVersionDate "2011.03.01"]
[SourceQuality "1"]

1. d4 Nf6 2. Bf4 g6 3. Nf3 Bg7 4. e3 0-0 5. Nbd2 d6 6. c3 b6 7. Qc2 Bb7 8. Bd3 Nbd7 9. 0-0 Re8 10. e4 e5 11. dxe5 dxe5 12. Be3 h6 13. h3 Nh5 14. Rfe1 Qe7 15. b4 c5 16. a3 Kh8 17. Nf1 Rac8 18. Qc1 Qf8 19. Rd1 Re7 20. g4 Nf4 21. Bxf4 exf4 22. Qxf4 Bxc3 23. Rab1 c4 24. Bc2 Ne5 25. Nh4 Qg7 26. Qe3 Nd3 27. f3 Bd4 28. Kh2 Bxe3 29. Nxe3 Qe5+ 30. Kg1 Qg3+ 31. Nhg2 Nf4 32. Rd2 c3 33. Nf1 Nxh3+ 34. Kh1 Qxf3 35. Rd3 Nf2+ 36. Kg1 Nxd3 37. g5 Qf2+ 38. Kh2 Qxc2 39. gxh6 Qxb1 40. Nfe3 Bxe4 41. h7 c2 42. a4 c1Q 43. a5 f5 44. axb6 Rxh7+ 45. Kg3 f4+ 46. Kg4 fxe3 47. b7 Qd1+ 48. Kg5 Qh5+ 49. Kf6 Qe5# 0-1

[Event "Australian op"]
[Site "Manly Sydney"]
[Date "2009.01.03"]
[Round "2"]
[White "Glissan, Paul"]
[Black "Guo, Emma"]
[Result "1-0"]
[WhiteElo "1767"]
[BlackElo "1778"]
[PlyCount "87"]
[EventDate "2009.01.02"]
[EventType "swiss"]
[EventRounds "11"]
[EventCountry "AUS"]
[SourceTitle "CBM 128 Extra"]
[Source "ChessBase"]
[SourceDate "2009.03.05"]
[SourceVersion "2"]
[SourceVersionDate "2009.03.25"]
[SourceQuality "1"]

1. e4 c5 2. Nc3 e6 3. g3 a6 4. a4 Nc6 5. Bg2 Qc7 6. d3 Nf6 7. f4 d6 8. Nh3 d5 9. Nf2 d4 10. Ne2 Be7 11. 0-0 h5 12. h3 g6 13. c3 Bd7 14. Bd2 Qb6 15. cxd4 cxd4 16. Rb1 Rc8 17. g4 hxg4 18. hxg4 e5 19. Ng3 Be6 20. b3 exf4 21. Bxf4 Na5 22. b4 Nc6 23. b5 axb5 24. Rxb5 Qa6 25. e5 Nd7 26. Nge4 0-0 27. g5 Ra8 28. Nf6+ Kg7 29. N2e4 Nb6 30. Qf3 Na7 31. Nc5 Bxc5 32. Rxc5 Nxa4 33. Rc7 Nc6 34. Bg3 Qb6 35. Rxc6 bxc6 36. Nh5+ Kh7 37. Qf6 Rg8 38. Nf4 Qd8 39. Nxe6 Qxf6 40. exf6 fxe6 41. Be5 Rgd8 42. Rf4 Rf8 43. f7 Rxf7 44. Rh4+ 1-0

[Event "AUS-ch Major"]
[Site "Parramatta"]
[Date "2008.01.10"]
[Round "10"]
[White "Glissan, Paul"]
[Black "Kadam, Subhash"]
[Result "0-1"]
[WhiteElo "1768"]
[BlackElo "1553"]
[PlyCount "114"]
[EventDate "2008.01.02"]
[EventType "swiss"]
[EventRounds "11"]
[EventCountry "AUS"]
[SourceTitle "EXT 2010"]
[Source "ChessBase"]
[SourceDate "2010.11.25"]
[SourceVersion "1"]
[SourceVersionDate "2010.11.25"]
[SourceQuality "1"]

1. e4 c5 2. Nc3 d6 3. g3 Nf6 4. Bg2 a6 5. a4 e6 6. d3 Be7 7. f4 Nc6 8. Nh3 0-0 9. 0-0 Rb8 10. g4 Bd7 11. f5 b5 12. g5 Ne8 13. f6 gxf6 14. gxf6 Bxf6 15. Bh6 Ng7 16. axb5 axb5 17. Qf3 Bd4+ 18. Kh1 Ne5 19. Qg3 Ng6 20. Bxg7 Kxg7 21. Nf4 b4 22. Nxg6 hxg6 23. Qxd6 bxc3 24. bxc3 Bxc3 25. Ra7 Be8 26. Qxe6 Rb6 27. Qc4 Qd4 28. Qxd4+ Bxd4 29. Bf3 Rf6 30. Kg2 Rh8 31. h3 Rh4 32. Bg4 Rxf1 33. Kxf1 Rh8 34. Ke2 Kf6 35. Kd2 Be5 36. c3 Rf8 37. Ra5 Bd6 38. Ra6 Ke7 39. Ke3 Bd7 40. Ra7 Rd8 41. d4 Ke8 42. Bxd7+ Rxd7 43. Rxd7 Kxd7 44. e5 cxd4+ 45. cxd4 Bc7 46. Ke4 Ke7 47. d5 Ba5 48. Kd4 Bd2 49. Ke4 Bc3 50. Kf4 f6 51. exf6+ Kxf6 52. h4 Be5+ 53. Kg4 Bd6 54. h5 g5 55. h6 Be7 56. Kh5 Kf7 57. d6 Bd8 0-1